00688nam a2200217 a 450000100060000000300080000600500170001400800410003103500190007204000320009104100080012308200220013110000320015324500760018526000390026130000230030050000510032350400310037465000360040565100290044152579BD-RjUL20211209075830.0160922s1966 enk b 000 0 eng u a(BD-RjUL)52699 aOUNdSYBdEQObengcBD-RjUL aeng a341223bMII 19661 aMisra, Kashi Prasad,d1929-10aIndiaʹs policy of recognition of states and governments /cK. P. Misra aBombay :bAllied Publishers,c1966 axiv, 214 p.c23 cm aLabel on t. p.: Paragon Book Gallery, New York aBibliography: p. [203]-206 0aRecognition (International law) 0aIndiaxForeign relations